000 002570000a22000970004500
100 1 _aHesselgrave, David J.
245 1 0 _aTen major trends in world missions
300 _aVol. 15, Núm 52 (1988), Páginas 12-14
773 0 _tWorld Evangelization
942 _cANA
999 _c58083
_d58083